01070cam a2200241 a 4500008004100000020002200041110013700063245014200200260006200342300003400404440005700438504004100495650004900536700002300585700002000608700002000628710005200648710003500700710006600735003000100801005001700802040000900819  a0821811231 (hbk.) aSIAM-AMS Summer Seminar on Systems of Nonlinear Partial Differential Equations in Applied Mathematicsd(1984 :cCollege of Santa Fe)10aNonlinear systems of partial differential equations in applied mathematics /cedited by Basil Nicolaenko, Darryl D. Holm, James M. Hyman. aProvidence, R.I. :bAmerican Mathematical Society,c1986. axvi, 468p. :bill. ;c24 cm. 0aLectures in applied mathematics,x0075-8485 ;vv. 23 aIncludes bibliographical references. 0aDifferential equations, PartialvCongresses.1 aNicolaenko, Basil.1 aHolm, Darryl D.1 aHyman, James M.2 aSociety for Industrial and Applied Mathematics.2 aAmerican Mathematical Society.2 aCenter for Nonlinear Studies (Los Alamos National Laboratory)20230123134414.0 cNUST